000 01354nam a2200229 a 4500
008 190820s2012 ||||||||||||||||| || u
020 _a9781906574925
050 _aTA 357 GUP
100 _aGupta, Santosh K
245 1 0 _aFluid mechanics and applications (3rd edition)
_cBy Vijay Gupta; Santosh K Gupta
250 _a3rd edition
260 _aKent
_bNew Academic Science Limited
_c2012
300 _axii, 503 pages : illustrations
650 _aFLUID DYNAMICS
650 _aFLUID MECHANICS
700 _aGupta, Vijay
995 _aMAIN LIBRARY OPEN ACCESS
_D60.00
_e749692
_FCBU-MAIN LIBRARY (Kitwe)
_jTA 357 GUP
_M1
_UAVAILABLE
_WAug 21, 2019
_y749692
_ZMain Library Open Access Collection
995 _aMAIN LIBRARY OPEN ACCESS
_D60.00
_e749695
_FCBU-MAIN LIBRARY (Kitwe)
_jTA 357 GUP
_M4
_UAVAILABLE
_WAug 21, 2019
_y749695
_ZMain Library Open Access Collection
995 _aMAIN LIBRARY OPEN ACCESS
_D60.00
_e749696
_FCBU-MAIN LIBRARY (Kitwe)
_jTA 357 GUP
_M5
_UAVAILABLE
_WAug 21, 2019
_y749696
_ZMain Library Open Access Collection
995 _aMAIN LIBRARY OPEN ACCESS
_D60.00
_e749693
_FCBU-MAIN LIBRARY (Kitwe)
_jTA 357 GUP
_M2
_UAVAILABLE
_WAug 21, 2019
_y749693
_ZMain Library Open Access Collection
995 _aMAIN LIBRARY OPEN ACCESS
_D60.00
_e749694
_FCBU-MAIN LIBRARY (Kitwe)
_jTA 357 GUP
_M3
_UAVAILABLE
_WAug 21, 2019
_y749694
_ZMain Library Open Access Collection
999 _c63187
_d63187